Países Asiáticos - Primeira Letra - Statistics

Estatísticas Gerais
  • Esse quiz foi jogado 495 vezes
  • A pontuação média é 36 de 48
Respostas no mapa
Respostas codificadas por cores de uma escala verde-vermelha no mapa do quiz de acordo com a % correta abaixo.
 
Estatísticas das Respostas
País % Correto
Coreia do Norte
83%
Cazaquistão
81%
Síria
80%
Timor-Leste
79%
Armênia
78%
Chipre
78%
Nepal
78%
Quirguistão
78%
Singapura
78%
Azerbaijão
77%
Coreia do Sul
77%
Iêmen
77%
Índia
77%
Irã
77%
Japão
77%
Taiwan
77%
Uzbequistão
77%
Afeganistão
76%
Geórgia
76%
Kuweit
76%
Laos
76%
Tajiquistão
76%
Brunei
75%
Catar
75%
China
75%
Israel
75%
Malásia
75%
Omã
75%
Bahrein
74%
Camboja
74%
Jordânia
74%
Maldivas
74%
Sri Lanka
74%
Turcomenistão
74%
Arábia Saudita
73%
Bangladesh
73%
Emirados Árabes Unidos
73%
Indonésia
73%
Líbano
73%
Myanmar
73%
Turquia
73%
Vietnã
73%
Filipinas
72%
Iraque
72%
Paquistão
72%
Tailândia
72%
Butão
71%
Mongólia
71%
Nenhum quiz correspondente encontrado
Distribuição das Pontuações
Porcentagem de Pessoas com Cada Pontuação
Percentil de Números Respondidos
Sua Pontuação Histórica
Você não jogou esse quiz